| 000 | 00966nam a2200301 i 4500 | ||
|---|---|---|---|
| 003 | CO-BoRNBP | ||
| 005 | 20220317000809.0 | ||
| 007 | ta | ||
| 008 | 200326s1994 ck g 000 0 spa d | ||
| 020 | _a9586162222 | ||
| 040 |
_aCO-BoRNBP _bspa _erda _cCO-BoRNBP |
||
| 041 | 0 | _aspa | |
| 082 | 0 | 4 |
_a320.4861 _bM64f _223 |
| 100 | 1 |
_aMolina, Gerardo _d1906-1991 _eautor |
|
| 245 | 1 | 3 |
_aLa formación del estado en Colombia _cGerardo Molina |
| 250 | _aPrimera edición | ||
| 264 | 1 |
_aBogotá, Colombia _bUniversidad Externado de Colombia _c1994 |
|
| 300 |
_a93 páginas _c23 cm |
||
| 336 |
_atexto _btxt _2rdacontent |
||
| 337 |
_asin mediación _bn _2rdamedia |
||
| 338 |
_avolumen _bnc _2rdacarrier |
||
| 490 | 0 | _aTemas de derecho público | |
| 650 | 1 | 7 |
_aEconomía _xHistoria _zColombia _2ARMARC |
| 650 | 1 | 7 |
_aIglesia y estado _zColombia _2ARMARC |
| 651 | 4 |
_aColombia _xPolítica y gobierno _93243 |
|
| 651 | 4 |
_aColombia _xHistoria constitucional _98216 |
|
| 942 |
_2loc _cBK |
||
| 999 |
_c5085 _d5085 |
||